Southville International School and Colleges
Your cart is empty.
  • Cart
  • Lists
    Public lists Eva Luna New books Lux_list list_1
    Your lists Log in to create your own lists
  • Log in to your account
  • Your cookies
  • Search history
Southville International School and Colleges
  • Advanced search
  • Recent comments
  • Most popular
  • Libraries

Log in to your account

Log in with GOOGLE


If you do not have an external account, but do have a local account, you can still log in:

  1. Home
  2. MARC view: Medical-surgical nursing :
Normal view MARC view ISBD view

Medical-surgical nursing : (Record no. 366796)

[ view plain ]
MARC details
000 -LEADER
fixed length control field 00936nam a22002657a 4500
003 - CONTROL NUMBER IDENTIFIER
control field 0
005 - DATE AND TIME OF LATEST TRANSACTION
control field 20241122115319.0
008 - FIXED-LENGTH DATA ELEMENTS--GENERAL INFORMATION
fixed length control field 241122b xxu||||| |||| 00| 0 eng d
020 ## - INTERNATIONAL STANDARD BOOK NUMBER
International Standard Book Number 9780323878265
050 ## - LIBRARY OF CONGRESS CALL NUMBER
Classification number RT 41
Item number .Ig46 2024
100 ## - MAIN ENTRY--PERSONAL NAME
Personal name Ignatavicius, Donna D.,
Relator term author.
245 ## - TITLE STATEMENT
Title Medical-surgical nursing :
Remainder of title concepts for clinical judgment and collaborative care /
Statement of responsibility, etc Donna D. Ignatavicius, Cherie R. Rebar, Nicole M. Heimgartner.
250 ## - EDITION STATEMENT
Edition statement 11th ed.
260 ## - PUBLICATION, DISTRIBUTION, ETC. (IMPRINT)
Place of publication, distribution, etc St. Louis, Missouri :
Name of publisher, distributor, etc Elsevier,
Date of publication, distribution, etc 2024.
300 ## - PHYSICAL DESCRIPTION
Extent xxxi, various pagination :
Other physical details col. ill. ;
Dimensions 29 cm.
504 ## - BIBLIOGRAPHY, ETC. NOTE
Bibliography, etc Includes bibliographical references and index.
650 ## - SUBJECT ADDED ENTRY--TOPICAL TERM
Topical term or geographic name as entry element Nursing.
650 ## - SUBJECT ADDED ENTRY--TOPICAL TERM
Topical term or geographic name as entry element Nursing Process.
650 ## - SUBJECT ADDED ENTRY--TOPICAL TERM
Topical term or geographic name as entry element Patient-Centered Care.
650 ## - SUBJECT ADDED ENTRY--TOPICAL TERM
Topical term or geographic name as entry element Patient-centered health care.
650 ## - SUBJECT ADDED ENTRY--TOPICAL TERM
Topical term or geographic name as entry element Perioperative Nursing.
700 ## - ADDED ENTRY--PERSONAL NAME
Personal name Rebar, Cherie R.,
Relator term author.
700 ## - ADDED ENTRY--PERSONAL NAME
Personal name Heimgartner, Nicole M.,
Relator term author.
942 ## - ADDED ENTRY ELEMENTS (KOHA)
Source of classification or shelving scheme Library of Congress Classification
Koha item type Books
Holdings
Withdrawn status Lost status Source of classification or shelving scheme Damaged status Home library Current library Shelving location Date acquired Source of acquisition Sub Shelving location Total Checkouts Full call number Barcode Date last seen Price effective from Koha item type
    Library of Congress Classification   College Library College Library Reserve Section 11/22/2024 Library Fund     RT 41 .Ig46 2024 C24047 11/22/2024 11/22/2024 Books

Medical-surgical nursing :

APA

Ignatavicius D. D., Rebar C. R. & Heimgartner N. M. (2024). Medical-surgical nursing. St. Louis, Missouri: Elsevier.

Chicago

Ignatavicius Donna D, Rebar Cherie R and Heimgartner Nicole M. 2024. Medical-surgical nursing. St. Louis, Missouri: Elsevier.

Harvard

Ignatavicius D. D., Rebar C. R. and Heimgartner N. M. (2024). Medical-surgical nursing. St. Louis, Missouri: Elsevier.

MLA

Ignatavicius Donna D, Rebar Cherie R and Heimgartner Nicole M. Medical-surgical nursing. St. Louis, Missouri: Elsevier. 2024.

  • Place hold
  • Print
  • Cite
  • Add to your cart (remove)
  • Save record
    BIBTEX Dublin Core MARCXML MARC (non-Unicode/MARC-8) MARC (Unicode/UTF-8) MARC (Unicode/UTF-8, Standard) MODS (XML) RIS
  • More searches
    Search for this title in:
    Other Libraries (WorldCat) Other Databases (Google Scholar) Online Stores (Bookfinder.com) Open Library (openlibrary.org)

Exporting to Dublin Core...

SOUTHVILLE LIBRARY

Southville International School and Colleges Library

1281 Tropical Ave. Cor. Luxembourg St., BF Homes International, Las Pinas City

Tel. No. 8256374 / 252358 Loc. 117/146

Powered by Koha